| 000 | 00446nam a2200169Ia 4500 | ||
|---|---|---|---|
| 003 | GCL | ||
| 008 | 140319s9999 xx 000 0 eng d | ||
| 040 |
_aGCL / _cGCL |
||
| 082 | 0 | 4 |
_a537 _bV F |
| 100 | 1 | _aVASUDEVA, D. N. | |
| 245 | 1 | 0 |
_aFUNDAMENTALS OF MAGNETISM AND ELECTRICITY / _cVASUDEVA, D. N. |
| 260 |
_a[S.N] : _bS. CHAND & COMPANY LTD ، _c1995 |
||
| 300 | _a944 P | ||
| 650 | 0 | 4 | _aMAGNETISM |
| 650 | 0 | 4 | _aELECTRICITY |
| 942 |
_2ddc _cBK |
||
| 999 |
_c10575 _d10575 |
||